<?xml version="1.0" encoding="UTF-8"?>
<record
    xmlns:xsi="http://www.w3.org/2001/XMLSchema-instance"
    xsi:schemaLocation="http://www.loc.gov/MARC21/slim http://www.loc.gov/standards/marcxml/schema/MARC21slim.xsd"
    xmlns="http://www.loc.gov/MARC21/slim">

  <leader>00655nam a2200217   4500</leader>
  <controlfield tag="005">20260327164820.0</controlfield>
  <controlfield tag="008">260327b        |||||||| |||| 00| 0 eng d</controlfield>
  <datafield tag="020" ind1=" " ind2=" ">
    <subfield code="a">978-93-92242-15-1</subfield>
  </datafield>
  <datafield tag="041" ind1=" " ind2=" ">
    <subfield code="a">English</subfield>
  </datafield>
  <datafield tag="082" ind1=" " ind2=" ">
    <subfield code="2">1st ed. 2023</subfield>
    <subfield code="a">PS 614.1 PAL B12843</subfield>
  </datafield>
  <datafield tag="100" ind1=" " ind2=" ">
    <subfield code="a">Pal Panchali</subfield>
    <subfield code="9">217355</subfield>
  </datafield>
  <datafield tag="245" ind1=" " ind2=" ">
    <subfield code="a">Introduction to Forensic Nursing &amp; Indian Laws for BSc Nursing Students Semester-V</subfield>
  </datafield>
  <datafield tag="250" ind1=" " ind2=" ">
    <subfield code="a">1st ed. 2023</subfield>
  </datafield>
  <datafield tag="260" ind1=" " ind2=" ">
    <subfield code="a">Punjab</subfield>
    <subfield code="b">Vision Health Sciences Publishers</subfield>
    <subfield code="c">2023</subfield>
  </datafield>
  <datafield tag="300" ind1=" " ind2=" ">
    <subfield code="a">xii; 183p</subfield>
    <subfield code="b">pb</subfield>
  </datafield>
  <datafield tag="365" ind1=" " ind2=" ">
    <subfield code="a">Rupaye</subfield>
    <subfield code="b">350</subfield>
    <subfield code="c">INR</subfield>
  </datafield>
  <datafield tag="500" ind1=" " ind2=" ">
    <subfield code="a">Psychiatry</subfield>
  </datafield>
  <datafield tag="650" ind1=" " ind2=" ">
    <subfield code="a">Psychiatry</subfield>
    <subfield code="9">217356</subfield>
  </datafield>
  <datafield tag="651" ind1=" " ind2=" ">
    <subfield code="a">Psychiatry</subfield>
    <subfield code="9">217357</subfield>
  </datafield>
  <datafield tag="942" ind1=" " ind2=" ">
    <subfield code="c">BK</subfield>
  </datafield>
  <datafield tag="999" ind1=" " ind2=" ">
    <subfield code="c">370808</subfield>
    <subfield code="d">370808</subfield>
  </datafield>
  <datafield tag="952" ind1=" " ind2=" ">
    <subfield code="0">0</subfield>
    <subfield code="1">0</subfield>
    <subfield code="2">ddc</subfield>
    <subfield code="4">0</subfield>
    <subfield code="7">0</subfield>
    <subfield code="a">BTIN</subfield>
    <subfield code="b">BTIN</subfield>
    <subfield code="d">2026-03-25</subfield>
    <subfield code="e">Sai Book Collection</subfield>
    <subfield code="g">262.50</subfield>
    <subfield code="i">SB/IN/2193</subfield>
    <subfield code="l">0</subfield>
    <subfield code="o">PS 614.1 PAL B12843</subfield>
    <subfield code="p">BTIN-BK-12843</subfield>
    <subfield code="r">2026-03-27 16:49:00</subfield>
    <subfield code="t">25%</subfield>
    <subfield code="v">350.00</subfield>
    <subfield code="w">2026-03-20</subfield>
    <subfield code="y">BK</subfield>
    <subfield code="z">BTIN-BK-12843</subfield>
  </datafield>
  <datafield tag="952" ind1=" " ind2=" ">
    <subfield code="0">0</subfield>
    <subfield code="1">0</subfield>
    <subfield code="2">ddc</subfield>
    <subfield code="4">0</subfield>
    <subfield code="7">0</subfield>
    <subfield code="a">BTIN</subfield>
    <subfield code="b">BTIN</subfield>
    <subfield code="d">2026-03-25</subfield>
    <subfield code="e">Sai Book Collection</subfield>
    <subfield code="g">262.50</subfield>
    <subfield code="i">SB/IN/2193</subfield>
    <subfield code="l">0</subfield>
    <subfield code="o">PS 614.1 PAL B12844</subfield>
    <subfield code="p">BTIN-BK-12844</subfield>
    <subfield code="r">2026-03-27 16:49:00</subfield>
    <subfield code="t">25%</subfield>
    <subfield code="v">350.00</subfield>
    <subfield code="w">2026-03-20</subfield>
    <subfield code="y">BK</subfield>
    <subfield code="z">BTIN-BK-12844</subfield>
  </datafield>
  <datafield tag="952" ind1=" " ind2=" ">
    <subfield code="0">0</subfield>
    <subfield code="1">0</subfield>
    <subfield code="2">ddc</subfield>
    <subfield code="4">0</subfield>
    <subfield code="7">0</subfield>
    <subfield code="a">BTIN</subfield>
    <subfield code="b">BTIN</subfield>
    <subfield code="d">2026-03-25</subfield>
    <subfield code="e">Sai Book Collection</subfield>
    <subfield code="g">262.50</subfield>
    <subfield code="i">SB/IN/2193</subfield>
    <subfield code="l">0</subfield>
    <subfield code="o">PS 614.1 PAL B12845</subfield>
    <subfield code="p">BTIN-BK-12845</subfield>
    <subfield code="r">2026-03-27 16:49:00</subfield>
    <subfield code="t">25%</subfield>
    <subfield code="v">350.00</subfield>
    <subfield code="w">2026-03-20</subfield>
    <subfield code="y">BK</subfield>
    <subfield code="z">BTIN-BK-12845</subfield>
  </datafield>
  <datafield tag="952" ind1=" " ind2=" ">
    <subfield code="0">0</subfield>
    <subfield code="1">0</subfield>
    <subfield code="2">ddc</subfield>
    <subfield code="4">0</subfield>
    <subfield code="7">0</subfield>
    <subfield code="a">BTIN</subfield>
    <subfield code="b">BTIN</subfield>
    <subfield code="d">2026-03-25</subfield>
    <subfield code="e">Sai Book Collection</subfield>
    <subfield code="g">262.50</subfield>
    <subfield code="i">SB/IN/2193</subfield>
    <subfield code="l">0</subfield>
    <subfield code="o">PS 614.1 PAL B12846</subfield>
    <subfield code="p">BTIN-BK-12846</subfield>
    <subfield code="r">2026-03-27 16:49:00</subfield>
    <subfield code="t">25%</subfield>
    <subfield code="v">350.00</subfield>
    <subfield code="w">2026-03-20</subfield>
    <subfield code="y">BK</subfield>
    <subfield code="z">BTIN-BK-12846</subfield>
  </datafield>
  <datafield tag="952" ind1=" " ind2=" ">
    <subfield code="0">0</subfield>
    <subfield code="1">0</subfield>
    <subfield code="2">ddc</subfield>
    <subfield code="4">0</subfield>
    <subfield code="7">0</subfield>
    <subfield code="a">BTIN</subfield>
    <subfield code="b">BTIN</subfield>
    <subfield code="d">2026-03-25</subfield>
    <subfield code="e">Sai Book Collection</subfield>
    <subfield code="g">262.50</subfield>
    <subfield code="i">SB/IN/2193</subfield>
    <subfield code="l">0</subfield>
    <subfield code="o">PS 614.1 PAL B12847</subfield>
    <subfield code="p">BTIN-BK-12847</subfield>
    <subfield code="r">2026-03-27 16:49:00</subfield>
    <subfield code="t">25%</subfield>
    <subfield code="v">350.00</subfield>
    <subfield code="w">2026-03-20</subfield>
    <subfield code="y">BK</subfield>
    <subfield code="z">BTIN-BK-12847</subfield>
  </datafield>
  <datafield tag="952" ind1=" " ind2=" ">
    <subfield code="0">0</subfield>
    <subfield code="1">0</subfield>
    <subfield code="2">ddc</subfield>
    <subfield code="4">0</subfield>
    <subfield code="7">0</subfield>
    <subfield code="a">BTIN</subfield>
    <subfield code="b">BTIN</subfield>
    <subfield code="d">2026-03-25</subfield>
    <subfield code="e">Sai Book Collection</subfield>
    <subfield code="g">262.50</subfield>
    <subfield code="i">SB/IN/2193</subfield>
    <subfield code="l">0</subfield>
    <subfield code="o">PS 614.1 PAL B12848</subfield>
    <subfield code="p">BTIN-BK-12848</subfield>
    <subfield code="r">2026-03-27 16:49:00</subfield>
    <subfield code="t">25%</subfield>
    <subfield code="v">350.00</subfield>
    <subfield code="w">2026-03-20</subfield>
    <subfield code="y">BK</subfield>
    <subfield code="z">BTIN-BK-12848</subfield>
  </datafield>
  <datafield tag="952" ind1=" " ind2=" ">
    <subfield code="0">0</subfield>
    <subfield code="1">0</subfield>
    <subfield code="2">ddc</subfield>
    <subfield code="4">0</subfield>
    <subfield code="7">0</subfield>
    <subfield code="a">BTIN</subfield>
    <subfield code="b">BTIN</subfield>
    <subfield code="d">2026-03-25</subfield>
    <subfield code="e">Sai Book Collection</subfield>
    <subfield code="g">262.50</subfield>
    <subfield code="i">SB/IN/2193</subfield>
    <subfield code="l">0</subfield>
    <subfield code="o">PS 614.1 PAL B12849</subfield>
    <subfield code="p">BTIN-BK-12849</subfield>
    <subfield code="r">2026-03-27 16:49:00</subfield>
    <subfield code="t">25%</subfield>
    <subfield code="v">350.00</subfield>
    <subfield code="w">2026-03-20</subfield>
    <subfield code="y">BK</subfield>
    <subfield code="z">BTIN-BK-12849</subfield>
  </datafield>
  <datafield tag="952" ind1=" " ind2=" ">
    <subfield code="0">0</subfield>
    <subfield code="1">0</subfield>
    <subfield code="2">ddc</subfield>
    <subfield code="4">0</subfield>
    <subfield code="7">0</subfield>
    <subfield code="a">BTIN</subfield>
    <subfield code="b">BTIN</subfield>
    <subfield code="d">2026-03-25</subfield>
    <subfield code="e">Sai Book Collection</subfield>
    <subfield code="g">262.50</subfield>
    <subfield code="i">SB/IN/2193</subfield>
    <subfield code="l">0</subfield>
    <subfield code="o">PS 614.1 PAL B12850</subfield>
    <subfield code="p">BTIN-BK-12850</subfield>
    <subfield code="r">2026-03-27 16:49:00</subfield>
    <subfield code="t">25%</subfield>
    <subfield code="v">350.00</subfield>
    <subfield code="w">2026-03-20</subfield>
    <subfield code="y">BK</subfield>
    <subfield code="z">BTIN-BK-12850</subfield>
  </datafield>
  <datafield tag="952" ind1=" " ind2=" ">
    <subfield code="0">0</subfield>
    <subfield code="1">0</subfield>
    <subfield code="2">ddc</subfield>
    <subfield code="4">0</subfield>
    <subfield code="7">0</subfield>
    <subfield code="a">BTIN</subfield>
    <subfield code="b">BTIN</subfield>
    <subfield code="d">2026-03-25</subfield>
    <subfield code="e">Sai Book Collection</subfield>
    <subfield code="g">262.50</subfield>
    <subfield code="i">SB/IN/2193</subfield>
    <subfield code="l">0</subfield>
    <subfield code="o">PS 614.1 PAL B12851</subfield>
    <subfield code="p">BTIN-BK-12851</subfield>
    <subfield code="r">2026-03-27 16:49:00</subfield>
    <subfield code="t">25%</subfield>
    <subfield code="v">350.00</subfield>
    <subfield code="w">2026-03-20</subfield>
    <subfield code="y">BK</subfield>
    <subfield code="z">BTIN-BK-12851</subfield>
  </datafield>
  <datafield tag="952" ind1=" " ind2=" ">
    <subfield code="0">0</subfield>
    <subfield code="1">0</subfield>
    <subfield code="2">ddc</subfield>
    <subfield code="4">0</subfield>
    <subfield code="7">0</subfield>
    <subfield code="a">BTIN</subfield>
    <subfield code="b">BTIN</subfield>
    <subfield code="d">2026-03-25</subfield>
    <subfield code="e">Sai Book Collection</subfield>
    <subfield code="g">262.50</subfield>
    <subfield code="i">SB/IN/2193</subfield>
    <subfield code="l">0</subfield>
    <subfield code="o">PS 614.1 PAL B12852</subfield>
    <subfield code="p">BTIN-BK-12852</subfield>
    <subfield code="r">2026-03-27 16:49:00</subfield>
    <subfield code="t">25%</subfield>
    <subfield code="v">350.00</subfield>
    <subfield code="w">2026-03-20</subfield>
    <subfield code="y">BK</subfield>
    <subfield code="z">BTIN-BK-12852</subfield>
  </datafield>
</record>
